Basic electrical engineering (Record no. 7166)

000 -LEADER
fixed length control field 00658nam a2200217 4500
001 - CONTROL NUMBER
control field 7166
003 - CONTROL NUMBER IDENTIFIER
control field BD-DhUET
008 - FIXED-LENGTH DATA ELEMENTS--GENERAL INFORMATION
fixed length control field 740521s1975 nyua 001 0 eng
020 ## - INTERNATIONAL STANDARD BOOK NUMBER
International Standard Book Number 0070211523
040 ## - CATALOGING SOURCE
Original cataloging agency DLC
Transcribing agency DLC
Modifying agency BD-DhUET
082 00 - DEWEY DECIMAL CLASSIFICATION NUMBER
Classification number 623
Item number FIT/1975
100 1# - MAIN ENTRY--PERSONAL NAME
Personal name Fitzgerald, A. E.
245 10 - TITLE STATEMENT
Title Basic electrical engineering
Remainder of title circuits,electronics,machines,control
Statement of responsibility, etc. by A. E. Fitzgerald, David E. Higginbotham and Arvin Grabel
250 ## - EDITION STATEMENT
Edition statement 4th ed.
260 ## - PUBLICATION, DISTRIBUTION, ETC. (IMPRINT)
Place of publication, distribution, etc. New York
Name of publisher, distributor, etc. McGraw-Hill
Date of publication, distribution, etc. 1975
300 ## - PHYSICAL DESCRIPTION
Extent xiv, 817 p.
Other physical details illus.
Dimensions 24 cm.
650 #0 - SUBJECT ADDED ENTRY--TOPICAL TERM
Topical term or geographic name as entry element Electricity : Engineering
700 ## - ADDED ENTRY--PERSONAL NAME
Personal name Higginbotham, David E.
700 ## - ADDED ENTRY--PERSONAL NAME
Personal name Grabel, Arvin
942 ## - ADDED ENTRY ELEMENTS (KOHA)
Koha item type General Book
Holdings
Koha normalized classification for sorting Date acquired Koha full call number Source of classification or shelving scheme Copy number Withdrawn status Koha date last borrowed Not for loan Koha date last seen Koha item type Location (home branch) Damaged status Price effective from Koha issues (times borrowed) Piece designation (barcode) Shelving location Sublocation or collection (holding branch) Lost status
623PIT19752014-12-07623/PIT/1975 1 2018-07-21 2018-08-04General BookCentral Library, BUET 2014-12-07165364Circulation sectionCentral Library, BUET 
623_000000000000000_PIT_19752015-03-12623/PIT/1975 2   2015-03-12General BookCentral Library, BUET 2015-03-12 43309Circulation sectionCentral Library, BUET 
623_000000000000000_PIT_19752015-03-12623/PIT/1975 3   2015-03-12General BookCentral Library, BUET 2015-03-12 43314Circulation sectionCentral Library, BUET 
623_000000000000000_PIT_19752015-03-12623/PIT/1975 4   2015-03-12General BookCentral Library, BUET 2015-03-12 43676Circulation sectionCentral Library, BUET 
623_000000000000000_PIT_19752015-03-12623/PIT/1975 5   2015-03-12General BookCentral Library, BUET 2015-03-12 42843Circulation sectionCentral Library, BUET 
623_000000000000000_FIT_19752015-04-16623/FIT/1975 6   2015-04-16General BookCentral Library, BUET 2015-04-16 43308Circulation sectionCentral Library, BUET 
623_000000000000000_FIT_19752015-04-18623/FIT/1975 7   2015-04-18General BookCentral Library, BUET 2015-04-18 43316Circulation sectionCentral Library, BUET 
623_000000000000000_FIT_19752015-04-21623/FIT/1975 8   2015-04-21General BookCentral Library, BUET 2015-04-21 43310Circulation sectionCentral Library, BUET 
623_000000000000000_FIT_19752015-04-21623/FIT/1975 9   2015-04-21General BookCentral Library, BUET 2015-04-21 43677Circulation sectionCentral Library, BUET 
623_000000000000000_FIT_19752015-04-21623/FIT/1975 10   2015-04-21General BookCentral Library, BUET 2015-04-21 43313Circulation sectionCentral Library, BUET 
623_000000000000000_FIT_19752015-04-21623/FIT/1975 11   2015-04-21General BookCentral Library, BUET 2015-04-21 43307Circulation sectionCentral Library, BUET 
623_000000000000000_FIT_19752015-04-21623/FIT/1975 12   2015-04-21General BookCentral Library, BUET 2015-04-21 51101Circulation sectionCentral Library, BUET 
623_000000000000000_FIT_19752015-06-28623/FIT/1975 13   2015-06-28Reading ItemCentral Library, BUET 2015-06-28 42841Reading sectionCentral Library, BUET 
623_000000000000000_FIT_19752015-06-28623/FIT/1975 14   2015-06-28Reading ItemCentral Library, BUET 2015-06-28 42840Reading sectionCentral Library, BUET 
623_000000000000000_FIT_19752015-06-28623/FIT/1975 15   2015-06-28Reading ItemCentral Library, BUET 2015-06-28 43679Reading sectionCentral Library, BUET